00414nam a22001217a 4500999001500000020002700015100001400042245002000056250001100076260002300087942001400110952016800124 c6951d6951 a978-986-05-9475-1c250 a鄭文燦 a贏在決勝點 a初版 a桃園市c2019.06 2cclcBOOK 00102ccl4070ayeezenbyeezend2019-07-19l0o494pC02547r2019-07-19 00:00:00w2019-07-19yBOOKz從企業的初始到現在發展到跨國集團的經驗分享